Eingeschränkt anerkannte UN-Staaten - Statistiken

Allgemein
  • Dieses Quiz wurde 27 mal gespielt
  • Das Durchschnittsergebnis liegt bei 3 aus 6
Antwortstatistiken
Antwort % Korrekt
Israel
70%
Nordkorea
57%
China
52%
Zypern
52%
Südkorea
48%
Armenien
35%
Keine übereinstimmenden Quizze gefunden
Verteilung der Resultate
Anzahl Personen mit jedem Resultat
Perzentil nach korrekt beantworteten Fragen
Ihre Resultats-Entwicklung
Sie haben dieses Quiz noch nicht gespielt